Swedish Cities Map Quiz - Statistics

General Stats
  • This quiz has been taken 959 times
  • The average score is 11 of 15
Answers on the Map
Answers color-coded by a green-red scale on the quiz's map according to % correct below.
 
Answer Stats
Answer % Correct
Stockholm
94%
Malmö
91%
Gothenburg
90%
Visby
81%
Uppsala
79%
Kiruna
74%
Luleå
71%
Helsingborg
69%
Kalmar
68%
Umeå
68%
Örebro
67%
Norrköping
65%
Jönköping
64%
Halmstad
63%
Sundsvall
60%
No matching quizzes found
Score Distribution
Percent of People with Each Score
Percentile by Number Answered
Your Score History
You have not taken this quiz